000 00592nam a2200229Ia 4500
003 OSt
005 20220928103054.0
006 a|||||r|||| 00| 0
007 ta
008 220927b |||||||| |||| 00| 0 eng d
024 _a57721
037 _cTextual
040 _aSDCL
_cSDCL
_beng
041 _2eng
_aeng
082 _aR5:(A), M3
100 _aMcConnell R B Ed.
_9402073
245 0 _aArt,science &human progress.
260 _aLondon
_bJohn Murray
_c1983
300 _a196p.
_ccm.
942 _hR5:(A), M3
_cTEXL
_2CC
999 _c717915
_d717915